| 000 | 00563nam a22001937a 4500 | ||
|---|---|---|---|
| 003 | OSt | ||
| 005 | 20240627094208.0 | ||
| 008 | 240627b |||||||| |||| 00| 0 eng d | ||
| 020 | _a0201343010 | ||
| 040 | _cMUST | ||
| 082 | _a384 BAT 1999 | ||
| 100 |
_aBateman, Andy _918142 |
||
| 245 |
_aDigital communications _b: design for the real worl |
||
| 260 |
_aEngland _b: Pearson education Limited _c, C 1999 |
||
| 300 |
_axxv, 221p. _b: ill _c; 23 cm |
||
| 504 | _aincludes index includes Glossary | ||
| 650 |
_aDigital communication _918143 |
||
| 942 |
_2ddc _cO_SHELF |
||
| 999 |
_c8960 _d8960 |
||